| 000 | 00365cam a2200121ua 4500 | ||
|---|---|---|---|
| 003 | OSt | ||
| 008 | 210806b ||||| |||| 00| 0 eng d | ||
| 082 |
_a624.159 _bIND/CO |
||
| 245 | _aCode of practice for design and construction of machine foundations,IS:2974-1975 / | ||
| 260 |
_aNew Delhi : _bIndian Standards Institution , _c1987. |
||
| 300 | _a24 ; . | ||
| 942 | _cBK | ||
| 999 |
_c4450 _d4450 |
||